Cheaper rubber-bitumen using latex (Record no. 55465)

MARC details
000 -LEADER
fixed length control field 00328nam a2200133Ia 4500
100 ## - MAIN ENTRY--AUTHOR NAME
Personal name Thompson P D
245 #0 - TITLE STATEMENT
Title Cheaper rubber-bitumen using latex
260 ## - PUBLICATION, DISTRIBUTION, ETC. (IMPRINT)
Name of publisher Rubber Developments
Year of publication 1961
300 ## - PHYSICAL DESCRIPTION
Number of Pages 61-64
650 ## - SUBJECT ADDED ENTRY--TOPICAL TERM
Topical Term Latex
650 ## - SUBJECT ADDED ENTRY--TOPICAL TERM
Topical Term Rubberized bitumen
942 ## - ADDED ENTRY ELEMENTS (KOHA)
Koha item type Journals
Holdings
Withdrawn status Lost status Damaged status Not for loan Home library Current library Shelving location Date acquired Serial Enumeration / chronology Koha item type
      Journals RRII Library RRII Library Rubber chemistry 17/12/2021 Volume 14, Issue 2 Journals